Music Quiz

Random Music Quiz

The Life and Time of Ville Hermanni Valo Quiz Stats

 Plays Quiz not verified by Sporcle

Score 0/11 Timer 06:00
0 Plays Today
Question Answer % Correct
How old is Ville Valo?33
75.3%
Some people have compared the good looks of young Valo to which Hollywood actor?Johnny Depp
68.5%
Valo's mother (Anita) is from which country?Hungary
61.8%
Valo was the drummer in which band?Daniel Lioneye
42.7%
How tall is Ville?6'
41.6%
Valo has been quoted as naming what incredible Swedish foursome as one of his top musical influences?ABBA
40.4%
Which character does Valo voice in the Finnish version of Madagascar 2?Moto-Moto
30.3%
How many studio albums has Valo released with his band HIM?7
10.1%
What vocal range does Ville have?Bass Baritone
6.7%
What is Ville's favourite film?Vertigo
5.6%
What is the profession of Valo's younger brother Jesse?Pro Thai boxer
3.4%

You're not logged in!

Compare scores with friends on all Sporcle quizzes.
OR
Log In

Show Comments

Extras

Created Oct 15, 2010ReportNominate
Tags:extra, life, ville

Top Quizzes Today


Score Distribution

Your Account Isn't Verified!

In order to create a playlist on Sporcle, you need to verify the email address you used during registration. Go to your Sporcle Settings to finish the process.

Report this User

Report this user for behavior that violates our Community Guidelines.

Details: